<?xml version="1.0" encoding="UTF-8"?>
<record
    xmlns:xsi="http://www.w3.org/2001/XMLSchema-instance"
    xsi:schemaLocation="http://www.loc.gov/MARC21/slim http://www.loc.gov/standards/marcxml/schema/MARC21slim.xsd"
    xmlns="http://www.loc.gov/MARC21/slim">

  <leader>01729nam a22003017a 4500</leader>
  <controlfield tag="003">NALT</controlfield>
  <controlfield tag="005">20230519141954.0</controlfield>
  <controlfield tag="008">220208b        th ||||| |||| 00| 0 tha d</controlfield>
  <datafield tag="020" ind1=" " ind2=" ">
    <subfield code="a">9786168209103</subfield>
  </datafield>
  <datafield tag="040" ind1=" " ind2=" ">
    <subfield code="a">NALT</subfield>
  </datafield>
  <datafield tag="041" ind1="1" ind2=" ">
    <subfield code="a">tha</subfield>
    <subfield code="h">eng</subfield>
  </datafield>
  <datafield tag="050" ind1=" " ind2=" ">
    <subfield code="a">DB 2241.H38</subfield>
    <subfield code="b">&#xE2E;399&#xE08; 2562</subfield>
  </datafield>
  <datafield tag="100" ind1="1" ind2=" ">
    <subfield code="9">57984</subfield>
    <subfield code="a">&#xE2E;&#xE32;&#xE40;&#xE27;&#xE25;, &#xE27;&#xE32;&#xE15;&#xE0B;&#xE25;&#xE31;&#xE1F;</subfield>
  </datafield>
  <datafield tag="245" ind1="1" ind2="0">
    <subfield code="a">&#xE08;&#xE14;&#xE2B;&#xE21;&#xE32;&#xE22;&#xE40;&#xE1B;&#xE34;&#xE14;&#xE1C;&#xE19;&#xE36;&#xE01;&#xE16;&#xE36;&#xE07; &#xE14;&#xE23;. &#xE2E;&#xE38;&#xE2A;&#xE32;&#xE01; =</subfield>
    <subfield code="b">Letter to Dr. Husak /</subfield>
    <subfield code="c">&#xE08;&#xE32;&#xE01; &#xE27;&#xE32;&#xE15;&#xE0B;&#xE25;&#xE31;&#xE1F; &#xE2E;&#xE32;&#xE40;&#xE27;&#xE25; ; &#xE41;&#xE1B;&#xE25;&#xE08;&#xE32;&#xE01;&#xE15;&#xE49;&#xE19;&#xE09;&#xE1A;&#xE31;&#xE1A;&#xE20;&#xE32;&#xE29;&#xE32;&#xE2D;&#xE31;&#xE07;&#xE01;&#xE24;&#xE29; &#xE15;&#xE23;&#xE27;&#xE08;&#xE2A;&#xE2D;&#xE1A;&#xE01;&#xE31;&#xE1A;&#xE15;&#xE49;&#xE19;&#xE09;&#xE1A;&#xE31;&#xE1A;&#xE20;&#xE32;&#xE29;&#xE32;&#xE40;&#xE0A;&#xE47;&#xE01; &#xE42;&#xE14;&#xE22; &#xE0A;&#xE22;&#xE32;&#xE07;&#xE01;&#xE39;&#xE23; &#xE18;&#xE23;&#xE23;&#xE21;&#xE2D;&#xE31;&#xE19;, &#xE40;&#xE19;&#xE15;&#xE34;&#xE27;&#xE34;&#xE17;&#xE22;&#xE4C; &#xE42;&#xE0A;&#xE15;&#xE34;&#xE20;&#xE31;&#xE17;&#xE23;&#xE4C;&#xE44;&#xE1E;&#xE28;&#xE32;&#xE25; &#xE41;&#xE25;&#xE30; &#xE27;&#xE23;&#xE34;&#xE15;&#xE15;&#xE32; &#xE28;&#xE23;&#xE35;&#xE23;&#xE31;&#xE15;&#xE19;&#xE32;.</subfield>
  </datafield>
  <datafield tag="246" ind1="1" ind2="4">
    <subfield code="a">Letter to Dr. Husak.</subfield>
  </datafield>
  <datafield tag="250" ind1=" " ind2=" ">
    <subfield code="a">&#xE1E;&#xE34;&#xE21;&#xE1E;&#xE4C;&#xE04;&#xE23;&#xE31;&#xE49;&#xE07;&#xE41;&#xE23;&#xE01;.</subfield>
  </datafield>
  <datafield tag="260" ind1=" " ind2=" ">
    <subfield code="a">&#xE01;&#xE23;&#xE38;&#xE07;&#xE40;&#xE17;&#xE1E;&#xE2F; :</subfield>
    <subfield code="b">&#xE2A;&#xE33;&#xE19;&#xE31;&#xE01;&#xE19;&#xE34;&#xE2A;&#xE34;&#xE15;&#xE2A;&#xE32;&#xE21;&#xE22;&#xE48;&#xE32;&#xE19;,</subfield>
    <subfield code="c">2562</subfield>
  </datafield>
  <datafield tag="300" ind1=" " ind2=" ">
    <subfield code="a">127 &#xE2B;&#xE19;&#xE49;&#xE32; ;</subfield>
    <subfield code="c">19 &#xE0B;&#xE21;.</subfield>
  </datafield>
  <datafield tag="500" ind1=" " ind2=" ">
    <subfield code="a">&#xE0A;&#xE37;&#xE48;&#xE2D;&#xE40;&#xE23;&#xE37;&#xE48;&#xE2D;&#xE07;&#xE15;&#xE49;&#xE19;&#xE09;&#xE1A;&#xE31;&#xE1A;&#xE43;&#xE19;&#xE20;&#xE32;&#xE29;&#xE32;&#xE40;&#xE0A;&#xE47;&#xE01;: Dopis Gustavu Husakovi.</subfield>
  </datafield>
  <datafield tag="600" ind1="1" ind2="4">
    <subfield code="9">60905</subfield>
    <subfield code="a">&#xE2E;&#xE32;&#xE40;&#xE27;&#xE25;, &#xE27;&#xE32;&#xE15;&#xE2A;&#xE25;&#xE31;&#xE1F;</subfield>
    <subfield code="x">&#xE17;&#xE31;&#xE28;&#xE19;&#xE30;&#xE17;&#xE32;&#xE07;&#xE01;&#xE32;&#xE23;&#xE40;&#xE21;&#xE37;&#xE2D;&#xE07;&#xE41;&#xE25;&#xE30;&#xE2A;&#xE31;&#xE07;&#xE04;&#xE21;</subfield>
  </datafield>
  <datafield tag="650" ind1=" " ind2="4">
    <subfield code="9">60904</subfield>
    <subfield code="a">&#xE1B;&#xE23;&#xE30;&#xE18;&#xE32;&#xE19;&#xE32;&#xE18;&#xE34;&#xE1A;&#xE14;&#xE35;</subfield>
    <subfield code="z">&#xE40;&#xE0A;&#xE47;&#xE01;</subfield>
  </datafield>
  <datafield tag="700" ind1="0" ind2=" ">
    <subfield code="9">37268</subfield>
    <subfield code="a">&#xE0A;&#xE22;&#xE32;&#xE07;&#xE01;&#xE39;&#xE23; &#xE18;&#xE23;&#xE23;&#xE21;&#xE2D;&#xE31;&#xE19;</subfield>
  </datafield>
  <datafield tag="700" ind1="0" ind2=" ">
    <subfield code="9">37267</subfield>
    <subfield code="a">&#xE40;&#xE19;&#xE15;&#xE34;&#xE27;&#xE34;&#xE17;&#xE22;&#xE4C; &#xE42;&#xE0A;&#xE15;&#xE34;&#xE20;&#xE31;&#xE17;&#xE23;&#xE4C;&#xE44;&#xE1E;&#xE28;&#xE32;&#xE25;</subfield>
  </datafield>
  <datafield tag="700" ind1="0" ind2=" ">
    <subfield code="9">57987</subfield>
    <subfield code="a">&#xE27;&#xE23;&#xE34;&#xE15;&#xE15;&#xE32; &#xE28;&#xE23;&#xE35;&#xE23;&#xE31;&#xE15;&#xE19;&#xE32;</subfield>
  </datafield>
  <datafield tag="850" ind1=" " ind2=" ">
    <subfield code="a">NALT</subfield>
  </datafield>
  <datafield tag="942" ind1=" " ind2=" ">
    <subfield code="2">lcc</subfield>
    <subfield code="c">GB</subfield>
  </datafield>
  <datafield tag="996" ind1=" " ind2=" ">
    <subfield code="a">phornvitoo</subfield>
    <subfield code="b">CATSTF	</subfield>
    <subfield code="c">2023-05-19</subfield>
  </datafield>
  <datafield tag="999" ind1=" " ind2=" ">
    <subfield code="c">99393</subfield>
    <subfield code="d">99393</subfield>
  </datafield>
  <datafield tag="998" ind1=" " ind2=" ">
    <subfield code="j">3099</subfield>
    <subfield code="k"> &#xE1E;&#xE23;&#xE27;&#xE34;&#xE17;&#xE39;  &#xE42;&#xE04;&#xE49;&#xE27;&#xE04;&#xE0A;&#xE32;&#xE20;&#xE23;&#xE13;&#xE4C;</subfield>
  </datafield>
  <datafield tag="952" ind1=" " ind2=" ">
    <subfield code="0">0</subfield>
    <subfield code="1">0</subfield>
    <subfield code="2">lcc</subfield>
    <subfield code="4">0</subfield>
    <subfield code="7">0</subfield>
    <subfield code="8">CSEN</subfield>
    <subfield code="a">NALT</subfield>
    <subfield code="b">NALT</subfield>
    <subfield code="c">GEN</subfield>
    <subfield code="d">2022-05-10</subfield>
    <subfield code="o">DB 2241.H38 &#xE2E;399&#xE08; 2562</subfield>
    <subfield code="p">0100010646001</subfield>
    <subfield code="r">2023-05-30 00:00:00</subfield>
    <subfield code="w">2022-05-10</subfield>
    <subfield code="y">GB</subfield>
  </datafield>
</record>
